000 01185nac a22002291u 4500
008 101108s1993 xxu||||| |||| 00| 0 ara d
020 _a9775224055
082 _a301.20953
_bي ا س
100 1 _aياسين ، حكمت بشير
_921034
110 _aAl Maahad Al Alamey Lel Fekr Al Islamey
_921037
245 _aالقواعد المنهجية :
_bفي التنقيب عن المفقود من الكتب والأجزاء التراثية /
_cحكمت بشير ياسين ؛ تقديم بكر أبو زيد
260 _aالرياض :
_bمكتبة المؤيد ،1993
_c1993.
300 _a383 ص ؛
_c24 سم.
490 _921035
_a ؛ تييسير التراث الإسلامى
_n1
504 _aيشتمل على إرجاعات ببليوجرافية وفهارس
511 _aCatalogued by: Sara
650 _aالتراث الإسلامي
_917660
650 _aالتراث العربي
_917359
700 _aأبوزيد ، بكر
_921036
_eتقديم
942 _cBB
_k301.20953 ي ا س
_2ddc
999 _c7450
_d7450